| 000 | 02492nab a2200301 i 4500 | ||
|---|---|---|---|
| 003 | BR-BrBNA | ||
| 005 | 20241113120200.0 | ||
| 008 | 241113b2016 bl.mr|pooa||| 00| 0 eng | | ||
| 040 |
_aBR-BrBNA _beng |
||
| 072 |
_aL73 _b5400 - 5100 - 5300 |
||
| 100 | _aOliveira Júnior, Carlos Augusto de | ||
| 100 | _aSilveira , Rodrigo Otávio | ||
| 100 | _aOlinda, Roberio Gomes | ||
| 100 | _aLobato, Francisco Carlos Faria | ||
| 245 | _aBotulism in non-ruminants in Brazil | ||
| 500 | _aPublicação on-line; Sumaries (En, Pt); Bibliography p. 2163 - 2165 | ||
| 520 | _a ABSTRACT - Botulism is an intoxication caused by the ingestion of neurotoxins secreted by Clostridium botulinum and characterized by progressive flaccid symmetrical paralysis. Among non-ruminant animals, avian species and dogs are the most commonly affected by botulism, while horses and pigs are less-commonly diagnosed with the disease. Despite the importance of this disease in animals, the Brazilian literature only includes case studies and outbreak descriptions. The aim of this study was to review the main features and to provide recent data on the occurrence of botulism in non-ruminants in Brazil. Key words: flaccid paralysis, Clostridium botulinum, avian, dogs, horses, pigs. | ||
| 520 | _a RESUMO - O botulismo é uma intoxicação causada pela ingestão das neurotoxinas secretadas por Clostridium botulinum e caracterizada por uma paralisia flácida simétrica progressiva. Entre os animais não ruminantes, aves e cães são os mais comumente afetados, enquanto equinos e suínos são esporadicamente diagnosticados com a doença. Apesar da reconhecida importância dessa doença nos animais, a literatura brasileira baseia-se apenas em relatos de casos e descrições de surtos. O presente trabalho tem como objetivo revisar a ocorrência e principais característicasdo botulismo em animais não ruminantes no Brasil. Palavras-chave: paralisia flácida, Clostridium botulinum, aves, cães, equinos, suínos. | ||
| 650 | _aCÃO | ||
| 650 | _aEQUINO | ||
| 650 | _aSUÍNO | ||
| 650 | _aBOTULISMO | ||
| 650 | _aDOENÇA ANIMAL | ||
| 773 | 0 |
_02408 _9314934 _dSanta Maria-RS Universidade Federal de Santa Maria - Centro de Ciências Rurais 1991 _o2024-1185 _tCiência Rural (Brazil) _x0103-8478 _gv. 46(12) p. 2158-2165; (2016) _wBR2024003401 |
|
| 856 | _uhttps://www.scielo.br/j/cr/a/N9BWbm6RSP3TkKN6MFw6kJB/?format=pdf&lang=en | ||
| 942 | _cANA | ||
| 999 |
_c328610 _d328610 |
||